000 00578nam a22001577a 4500
999 _c9945
_d9945
008 180723b ||||| |||| 00| 0 eng d
082 _22018
_aUT 0889
_bC67
100 _929370
_aCogasa, Ron Joshua G.
245 _aFactors affecting the existence of colorum tricycles in digos city/
_cRon Joshua G. Cogasa and Roy R. Molina.
260 _aDigos City:
_bUMDC
_cMarch 2018.
300 _a51 pages;
_b30 cm.
650 0 _929371
_aLiberal Arts.
_vPolitical Science
_xUndergraduate thesis.
700 _929372
_aCogasa, Ron Joshua G.
700 _929373
_aMolina, Roy R.
942 _2ddc
_cUT